00744cam a22002415i 450000100090000000300040000900500170001300800410003001000170007102000180008804000230010604200080012908200170013710000210015424501640017525000170033926300090035626400440036530000120040933600260042133700280044733800270047518382871OSt20181212202800.0141121s2015 tnu 000 0 eng  a 2014957658 a9780986223303 aDLCbengerdacDLC apcc a272.9bM681D1 aMitchell, Chris.10aDestination Jerusalem :bIsis, convert or die, christian persecution and preparing for the days ahead /cChris Mitchell ; [edited by] Mel Cohen, Ann Severance. a1st edition. a1501 1aPleasantville, TN :bC & L Pub.,c2015. a200 p.: atextbtxt2rdacontent aunmediatedbn2rdamedia avolumebnc2rdacarrier